00623cam a22001337a 4500008004000000082002700040100002500067245020600092260004800298300001100346440007700357500001400434650004100448180718b1998 xxu||||| |||| 00| 0 eng d aA81x54 91/1/PT5D/2/PT1 aCensus of India 1991 aIndia: migration tables (India, Andhra Pradesh, Arunachal Pradesh, Assam, Bihar, Goa, Gujarat, Haryana, Himachal Pradesh, Karnataka, Kerala, Madhya Pradesh, Maharashtra, Manipur, Meghalaya and Mizoram) aDelhibThe Controller of Publicationsc1998 a861+p. aCensus of India 1991. Series-1, India. Part-VD, Series, volume-2, part 1 aTable D-2 aMigration, Internal - India - Census